000 01089nam a2200325 c 4500
003 BLK
005 20180420234801.0
008 180410b bul|||||r ||||||| ||bul||
010 _aKNG00170595000
040 _aBLK
041 _aBUL
_cBUL
080 _aВътрешна политика. Вж и 329
_b323
_x(73)
_z323(73)
100 1 _aБъчваров, Павел
_eпърви автор
_9275542
139 _aБъчваров, Павел
_bБ 94
245 1 0 _aПратеници на смъртта
_bХудож.-докум. очерк за амер. мафия
_cПавел Бъчваров.
257 _aBGR
260 София
_bНар. младеж
_c1990
300 _a352 с.
_c20 см
380 _a3
500 _a15 000 тир.
650 4 _aМафия - САЩ
_9265855
651 4 _aСАЩ
_9179493
653 _aмафия
653 _aСАЩ
852 _aЦб 164772
856 4 _qpdf
_u
856 4 _qpdf
_u
942 _cKNG
_n0
944 _aCR
_c31.01.2015
_l31.01.2015 - от С1,Р / 31.01.2015
_kКамелия_Данева
944 _aED
_c31.01.2015
_l31.01.2015 - от С1,Р / 31.01.2015
_k
999 _c163190
_d163190